000 00657nam a2200229Ia 4500
003 OSt
005 20230607142024.0
008 210423s2012 xx 000 0 und d
020 _a9781849052245
040 _cAL
041 _aeng
082 _a361.30683 GASM
100 _aGAST (Linda);PATMORE (Anne)
_9121507
245 _aMastering approaches to diversity in social work
260 _aLondon
_bJessica Kingsley Publisers
_c2012
300 _a176
_bPB
365 _b1167
_cINR
650 _aSocial Problems & Services
_9121508
650 _aSocial Work
_9121509
906 _aapproaches ; diversity ; Mastering ; social ; work
942 _2ddc
_cBK
999 _c176178
_d176178